000 01301nam0a22003251 4500
001 RU\NLR\INFOCOMM_253\5000026598
005 20250613094040.0
035 _a(NLR Aleph) 009237130
090 _a8902274
_c8902274
100 _a20100630d1987 |||y0rusy50 ca
101 1 _afre
_crus
102 _aRU
105 _aa ||||000|y
200 1 _aGracchus Babeuf à la veille et pendant la Révolution française, 1785-1794
_fVictor Daline
_g[Prés. de Inna Borissova
_gTrad. du russe par Jean Champenois]
210 _aΜ.
_cProgrès
_d1987
215 _a675 с.
_cил., факс., портр.
_d22 см
300 _aВ вып. дан.: Гракх Бабеф накануне и во время Великой французской революции (1785-1794) / В. М. Далин
320 _aБиблиогр.: с. 643-662
686 _aТ3(4Фр)511-8 Бабеф
_2rubbk
686 _aТ3(4Фр)511.4-413
_2rubbk
686 _aФ5(4Фр)12
_2rubbk
700 1 _9z01790
_aDalin
_bV. M.
_f-1985
_gViktor Moiseevič
_4070
702 1 _4570
_7ba
_8fre
_aBabeuf
_bG.
_f1760-1797
_gGracchus
_9239257
_3RU\NLR\AUTH\770239313
790 1 _9z01700
_aDaline
_bV.
_gVictor
_4070
801 1 _aRU
_bNLR
_c20100630
801 0 _aRU
_bNLR
_gPSBO
852 _aNLR
_jИ81 Д-5/82
942 _cBOOK
980 _aNB